Most Popular Programming Languages 2021 - Statistics

General Stats
  • This quiz has been taken 436 times
  • The average score is 19 of 50
Answer Stats
Rank Type Answer % Correct
2 Compiled C
98%
4 Compiled C++
98%
5 Compiled C#
98%
3 Compiled Java
98%
1 Interpreted Python
97%
7 Interpreted JavaScript
93%
15 Interpreted R
90%
13 Interpreted Ruby
76%
10 Interpreted PHP
69%
18 Compiled Go
66%
29 Compiled Rust
63%
9 Domain SQL
60%
27 Domain PL/SQL
57%
34 Compiled D
54%
6 Compiled Visual Basic
54%
46 Compiled TypeScript
53%
14 Compiled Swift
51%
33 Compiled Kotlin
49%
8 Compiled Assembly
43%
28 Compiled Objective-C
43%
16 Interpreted Perl
42%
19 Compiled Fortran
40%
20 Interpreted MATLAB
40%
26 Interpreted Lua
37%
25 Compiled COBOL
35%
40 Compiled Haskell
35%
35 Compiled Scala
32%
30 Compiled Lisp
29%
31 Compiled Dart
19%
36 Compiled Julia
19%
24 Visual Scratch
19%
32 Compiled Ada
17%
50 Compiled Erlang
15%
12 Interpreted Groovy
15%
17 Compiled Delphi
14%
38 Interpreted PowerShell
11%
39 Compiled Clojure
9%
23 Domain Prolog
8%
45 Compiled Scheme
6%
22 Domain SAS
5%
43 Domain VHDL
4%
37 Domain ABAP
3%
44 Domain LabVIEW
3%
49 Interpreted Logo
3%
42 Interpreted VBScript
3%
47 Compiled Apex
1%
11 Compiled Classic Visual Basic
1%
21 Domain FoxPro
1%
41 Domain Ladder Logic
1%
48 Domain Transact-SQL
1%
No matching quizzes found
Score Distribution
Percent of People with Each Score
Percentile by Number Answered
Your Score History
You have not taken this quiz